<?xml version="1.0" encoding="UTF-8"?>
<collection xmlns:xsi="http://www.w3.org/2001/XMLSchema-instance" xsi:schemaLocation="http://www.loc.gov/MARC21/slim http://www.loc.gov/standards/marcxml/schema/MARC21slim.xsd" xmlns="http://www.loc.gov/MARC21/slim">
 <record>
  <leader>00000cab a22000004cb4500</leader>
  <controlfield tag="001">IPP-00000283031</controlfield>
  <controlfield tag="003">IPP</controlfield>
  <controlfield tag="005">20190315132141.0</controlfield>
  <controlfield tag="008">190315s2011    xx     d | ||r |||||eng||</controlfield>
  <datafield tag="041" ind1="#" ind2="#">
   <subfield code="a">eng</subfield>
  </datafield>
  <datafield tag="100" ind1="1" ind2="#">
   <subfield code="a">Cayabyab, Bonifacio F.</subfield>
  </datafield>
  <datafield tag="245" ind1="1" ind2="0">
   <subfield code="a">Some butterflies of Boracay Island</subfield>
  </datafield>
  <datafield tag="264" ind1="#" ind2="1">
   <subfield code="c">2011</subfield>
  </datafield>
  <datafield tag="520" ind1="#" ind2="#">
   <subfield code="a">Boracay Island, Malay, Aklan is one of the well known and busiest tourist destination in the country at present. Owing to the increasing demand for space for commerce and domiciles, the butterflies habitat and range in the island resort are rapidly diminishing. We conducted a rapid survey of the butterflies at Boracay last April 2010 to document the butterfly fauna and contribute in the biodiversity inventory of the locality. We noted down the species that we observed based on their flight pattern and morphological appearance. In other cases, we use sweep net to examine closely the butterflies and release them later after confirming our identification. A total of thirty two species from seven families were noted. The order of decreasing density of the seven famiiies was: Papilionidae (8) &gt; Nymphalidae (7) &gt; Pieridae (6) &gt; Danaidae (3) &gt; Hesperiidae (4) = Lycaenidae (4). Additional counts particularly in the watershed will be included in the future to be able to record the species that are strictly present in forested areas. We will also invite partners in the locality.</subfield>
  </datafield>
  <datafield tag="650" ind1="1" ind2="0">
   <subfield code="a">Butterflies</subfield>
  </datafield>
  <datafield tag="650" ind1="2" ind2="0">
   <subfield code="a">Habitat (Ecology)</subfield>
  </datafield>
  <datafield tag="650" ind1="2" ind2="0">
   <subfield code="a">Boracay Island</subfield>
  </datafield>
  <datafield tag="700" ind1="1" ind2="#">
   <subfield code="a">Alcantara, Edwin P.</subfield>
  </datafield>
  <datafield tag="773" ind1="0" ind2="#">
   <subfield code="t">Transactions of the National Academy of Science and Technology</subfield>
   <subfield code="g">Vol. 33, no. 1 (Jul. 2011), 130</subfield>
  </datafield>
  <datafield tag="852" ind1="#" ind2="#">
   <subfield code="a">UPD</subfield>
   <subfield code="b">DMLP</subfield>
  </datafield>
  <datafield tag="942" ind1="#" ind2="#">
   <subfield code="a">Article</subfield>
  </datafield>
  <datafield tag="950" ind1="#" ind2="#">
   <subfield code="a">FI</subfield>
  </datafield>
 </record>
</collection>
